| 000 | 00455nam a2200181 4500 | ||
|---|---|---|---|
| 003 | LK-CoMWRAF | ||
| 005 | 20230916060531.0 | ||
| 008 | 230916b1993 |||||||| |||| 00| 0 eng d | ||
| 020 | _a1852303824 | ||
| 040 |
_aLK-CoMWRAF _dLK-CoMWRAF _eLK-CoMWRAF |
||
| 041 | _aeng | ||
| 082 |
_a297 _bHAE |
||
| 100 | _aHaeri, Shaykh Fadhlalla | ||
| 245 | _aThe Elements of Islam | ||
| 260 |
_aGreat Britain : _bElements books, _c1993 |
||
| 650 | _aIslam | ||
| 942 | _cBK | ||
| 999 |
_c3573 _d3573 |
||